000 00283nam a2200121Ia 4500
008 191201s2007 xx 000 0 und d
100 _aGUPTA, AK
245 0 _aManagement Information Systems
260 _aN. Delhi
_bS Chand
_c2007
300 _a336+8
650 _aMBA
942 _2ddc
_cBK
999 _c133
_d133